000 00819amm a2200289 4500
008 070106s2007 o | cat d
041 _acat
041 _beng
041 _bfre
041 _bspa
110 _aTERMCAT
_960609
245 _aDiccionari de motociclisme
_h[en línia]
_cTERMCAT, Centre de Terminologia
260 _aBarcelona
_bTERMCAT, Centre de Terminologia
_c2007
490 _aDiccionaris en Línia
500 _aCategoria gramatical, sinònims
500 _btermcat
520 _aaprox. 200
546 _acatalà
591 _aMOTOCICL-E
592 _aObra terminològica
593 _aVJB
650 0 _amotociclisme
_975278
830 _aDiccionaris en Línia
_974364
856 _uhttps://www.termcat.cat/ca/diccionaris-en-linia/7
901 _ccop. <2007>
942 _cMO
_n0
_2ddc
999 _c68462
_d68462